Stammtorwart Bundesliga - Extrem - Statistiken

Allgemein
  • Dieses Quiz wurde 7.067 mal gespielt
    95 seit der letzten Aktualisierung
  • Das Durchschnittsergebnis liegt bei 205 aus 294
Antwortstatistiken
Team Saison Stammtorwart % Korrekt
München 25/26 Manuel Neuer
100%
München 24/25 Manuel Neuer
100%
München 23/24 Manuel Neuer
100%
München 21/22 Manuel Neuer
100%
München 20/21 Manuel Neuer
100%
München 19/20 Manuel Neuer
100%
München 18/19 Manuel Neuer
100%
München 16/17 Manuel Neuer
100%
München 15/16 Manuel Neuer
100%
München 14/15 Manuel Neuer
100%
München 13/14 Manuel Neuer
100%
München 12/13 Manuel Neuer
100%
München 11/12 Manuel Neuer
100%
Schalke 10/11 Manuel Neuer
100%
Freiburg 13/14 Oliver Baumann
98%
Freiburg 12/13 Oliver Baumann
98%
Freiburg 11/12 Oliver Baumann
98%
Freiburg 10/11 Oliver Baumann
98%
Hoffenheim 25/26 Oliver Baumann
98%
Hoffenheim 24/25 Oliver Baumann
98%
Hoffenheim 23/24 Oliver Baumann
98%
Hoffenheim 22/23 Oliver Baumann
98%
Hoffenheim 21/22 Oliver Baumann
98%
Hoffenheim 20/21 Oliver Baumann
98%
Hoffenheim 19/20 Oliver Baumann
98%
Hoffenheim 18/19 Oliver Baumann
98%
Hoffenheim 17/18 Oliver Baumann
98%
Hoffenheim 16/17 Oliver Baumann
98%
Hoffenheim 15/16 Oliver Baumann
98%
Hoffenheim 14/15 Oliver Baumann
98%
Dortmund 20/21 Roman Bürki
95%
Dortmund 19/20 Roman Bürki
95%
Dortmund 18/19 Roman Bürki
95%
Dortmund 17/18 Roman Bürki
95%
Dortmund 16/17 Roman Bürki
95%
Dortmund 15/16 Roman Bürki
95%
Freiburg 14/15 Roman Bürki
95%
Augsburg 18/19 Gregor Kobel
93%
Dortmund 25/26 Gregor Kobel
93%
Dortmund 24/25 Gregor Kobel
93%
Dortmund 23/24 Gregor Kobel
93%
Dortmund 22/23 Gregor Kobel
93%
Dortmund 21/22 Gregor Kobel
93%
Stuttgart 20/21 Gregor Kobel
93%
Dortmund 14/15 Roman Weidenfeller
93%
Dortmund 13/14 Roman Weidenfeller
93%
Dortmund 12/13 Roman Weidenfeller
93%
Dortmund 11/12 Roman Weidenfeller
93%
Dortmund 10/11 Roman Weidenfeller
93%
München 17/18 Sven Ulreich
93%
Stuttgart 14/15 Sven Ulreich
93%
Stuttgart 13/14 Sven Ulreich
93%
Stuttgart 12/13 Sven Ulreich
93%
Stuttgart 11/12 Sven Ulreich
93%
Stuttgart 10/11 Sven Ulreich
93%
Frankfurt 24/25 Kevin Trapp
91%
Frankfurt 23/24 Kevin Trapp
91%
Frankfurt 22/23 Kevin Trapp
91%
Frankfurt 21/22 Kevin Trapp
91%
Frankfurt 20/21 Kevin Trapp
91%
Frankfurt 19/20 Kevin Trapp
91%
Frankfurt 18/19 Kevin Trapp
91%
Frankfurt 14/15 Kevin Trapp
91%
Frankfurt 13/14 Kevin Trapp
91%
Frankfurt 12/13 Kevin Trapp
91%
Kaiserslautern 11/12 Kevin Trapp
91%
Gladbach 21/22 Yann Sommer
89%
Gladbach 20/21 Yann Sommer
89%
Gladbach 19/20 Yann Sommer
89%
Gladbach 18/19 Yann Sommer
89%
Gladbach 17/18 Yann Sommer
89%
Gladbach 16/17 Yann Sommer
89%
Gladbach 15/16 Yann Sommer
89%
Gladbach 14/15 Yann Sommer
89%
München 22/23 Yann Sommer
89%
Schalke 19/20 Alexander Nübel
88%
Schalke 18/19 I Alexander Nübel
88%
Stuttgart 25/26 Alexander Nübel
88%
Stuttgart 24/25 Alexander Nübel
88%
Stuttgart 23/24 Alexander Nübel
88%
Frankfurt 17/18 Lukas Hradecky
88%
Frankfurt 16/17 Lukas Hradecky
88%
Frankfurt 15/16 Lukas Hradecky
88%
Leverkusen 24/25 Lukas Hradecky
88%
Leverkusen 23/24 Lukas Hradecky
88%
Leverkusen 22/23 Lukas Hradecky
88%
Leverkusen 21/22 Lukas Hradecky
88%
Leverkusen 20/21 Lukas Hradecky
88%
Leverkusen 19/20 Lukas Hradecky
88%
Leverkusen 18/19 Lukas Hradecky
88%
Bochum 24/25 II Timo Horn
88%
Köln 20/21 Timo Horn
88%
Köln 19/20 Timo Horn
88%
Köln 17/18 Timo Horn
88%
Köln 16/17 Timo Horn
88%
Köln 15/16 Timo Horn
88%
Köln 14/15 Timo Horn
88%
Freiburg 20/21 Florian Müller
86%
Mainz 18/19 Florian Müller
86%
Stuttgart 22/23 Florian Müller
86%
Stuttgart 21/22 Florian Müller
86%
Heidenheim 24/25 Kevin Müller
86%
Heidenheim 23/24 Kevin Müller
86%
Leipzig 25/26 Peter Gulacsi
86%
Leipzig 24/25 Peter Gulacsi
86%
Leipzig 21/22 Peter Gulacsi
86%
Leipzig 20/21 Peter Gulacsi
86%
Leipzig 19/20 Peter Gulacsi
86%
Leipzig 18/19 Peter Gulacsi
86%
Leipzig 17/18 Peter Gulacsi
86%
Leipzig 16/17 Peter Gulacsi
86%
Hamburg 25/26 Daniel Heuer Fernandes
82%
Freiburg 25/26 Noah Atubolu
82%
Freiburg 24/25 Noah Atubolu
82%
Freiburg 23/24 Noah Atubolu
82%
Frankfurt 25/26 Michael Zetterer
79%
Bremen 24/25 Michel Zetterer
79%
Bremen 23/24 Michel Zetterer
79%
Hannover 15/16 Ron Robert Zieler
79%
Hannover 14/15 Ron Robert Zieler
79%
Hannover 13/14 Ron Robert Zieler
79%
Hannover 12/13 Ron Robert Zieler
79%
Hannover 11/12 Ron Robert Zieler
79%
Stuttgart 18/19 Ron Robert Zieler
79%
Stuttgart 17/18 Ron Robert Zieler
79%
Bremen 25/26 Mio Backhaus
77%
Hamburg 16/17 Rene Adler
77%
Hamburg 15/16 Rene Adler
77%
Hamburg 13/14 Rene Adler
77%
Hamburg 12/13 Rene Adler
77%
Leverkusen 10/11 Rene Adler
77%
Mainz 17/18 II Rene Adler
77%
Mainz 24/25 Robin Zentner
77%
Mainz 23/24 Robin Zentner
77%
Mainz 22/23 Robin Zentner
77%
Mainz 21/22 Robin Zentner
77%
Mainz 20/21 Robin Zentner
77%
Mainz 19/20 Robin Zentner
77%
Mainz 17/18 I Robin Zentner
77%
Freiburg 22/23 Mark Flekken
75%
Freiburg 21/22 Mark Flekken
75%
Leverkusen 25/26 Mark Flekken
75%
Augsburg 25/26 Finn Dahmen
74%
Augsburg 24/25 I Finn Dahmen
74%
Augsburg 23/24 Finn Dahmen
74%
Wolfsburg 15/16 Diego Benaglio
72%
Wolfsburg 14/15 Diego Benaglio
72%
Wolfsburg 13/14 Diego Benaglio
72%
Wolfsburg 12/13 Diego Benaglio
72%
Wolfsburg 11/12 Diego Benaglio
72%
Wolfsburg 10/11 Diego Benaglio
72%
Bremen 22/23 Jiri Pavlenka
72%
Bremen 20/21 Jiri Pavlenka
72%
Bremen 19/20 Jiri Pavlenka
72%
Bremen 18/19 Jiri Pavlenka
72%
Bremen 17/18 Jiri Pavlenka
72%
Köln 25/26 Marvin Schwäbe
72%
Köln 23/24 Marvin Schwäbe
72%
Köln 22/23 Marvin Schwäbe
72%
Köln 21/22 Marvin Schwäbe
72%
Bremen 11/12 Tim Wiese
72%
Bremen 10/11 Tim Wiese
72%
Leverkusen 17/18 Bernd Leno
70%
Leverkusen 16/17 Bernd Leno
70%
Leverkusen 15/16 Bernd Leno
70%
Leverkusen 14/15 Bernd Leno
70%
Leverkusen 13/14 Bernd Leno
70%
Leverkusen 12/13 Bernd Leno
70%
Leverkusen 11/12 Bernd Leno
70%
Hoffenheim 13/14 Koen Casteels
70%
Hoffenheim 12/13 Koen Casteels
70%
Wolfsburg 23/24 Koen Casteels
70%
Wolfsburg 22/23 Koen Casteels
70%
Wolfsburg 21/22 Koen Casteels
70%
Wolfsburg 20/21 Koen Casteels
70%
Wolfsburg 19/20 Koen Casteels
70%
Wolfsburg 18/19 Koen Casteels
70%
Wolfsburg 17/18 Koen Casteels
70%
Wolfsburg 16/17 Koen Casteels
70%
Gladbach 25/26 Moritz Nicolas
70%
Gladbach 24/25 Moritz Nicolas
70%
Gladbach 23/24 Moritz Nicolas
70%
Freiburg 19/20 Alexander Schwolow
67%
Freiburg 18/19 Alexander Schwolow
67%
Freiburg 17/18 Alexander Schwolow
67%
Freiburg 16/17 Alexander Schwolow
67%
Hertha Berlin 21/22 Alexander Schwolow
67%
Hertha Berlin 20/21 Alexander Schwolow
67%
Schalke 22/23 Alexander Schwolow
67%
Union Berlin 25/26 Frederik Rönnow
67%
Union Berlin 24/25 Frederik Rönnow
67%
Union Berlin 23/24 Frederik Rönnow
67%
Union Berlin 22/23 Frederik Rönnow
67%
Gladbach 13/14 Marc-Andre ter Stegen
67%
Gladbach 12/13 Marc-Andre ter Stegen
67%
Gladbach 11/12 Marc-Andre ter Stegen
67%
Augsburg 17/18 Marwin Hitz
67%
Augsburg 16/17 Marwin Hitz
67%
Augsburg 15/16 Marwin Hitz
67%
Augsburg 14/15 Marwin Hitz
67%
Augsburg 13/14 Marwin Hitz
67%
Wolfsburg 25/26 Kamil Grabara
65%
Wolfsburg 24/25 Kamil Grabara
65%
München 10/11 Hans Jörg Butt
63%
Schalke 20/21 Ralf Fährmann
63%
Schalke 18/19 II Ralf Fährmann
63%
Schalke 17/18 Ralf Fährmann
63%
Schalke 16/17 Ralf Fährmann
63%
Schalke 15/16 Ralf Fährmann
63%
Schalke 14/15 Ralf Fährmann
63%
Schalke 13/14 Ralf Fährmann
63%
Bielefeld 21/22 Stefan Ortega
61%
Bielefeld 20/21 Stefan Ortega
61%
St. Pauli 25/26 Nikola Vasilj
60%
St. Pauli 24/25 Nikola Vasilj
60%
Mainz 15/16 Loris Karius
58%
Mainz 14/15 Loris Karius
58%
Mainz 13/14 Loris Karius
58%
Heidenheim 25/26 Diant Ramaj
56%
Düsseldorf 19/20 I Florian Kastenmeier
56%
Leipzig 23/24 Janis Blaswich
56%
Leipzig 22/23 Janis Blaswich
56%
Mainz 25/26 Daniel Batz
54%
Gladbach 22/23 Jonas Omlin
54%
Bochum 23/24 Manuel Riemann
53%
Bochum 22/23 Manuel Riemann
53%
Bochum 21/22 Manuel Riemann
53%
Schalke 12/13 Timo Hildebrand
49%
Hamburg 14/15 Jaroslav Drobny
47%
Hamburg 11/12 Jaroslav Drobny
47%
Augsburg 22/23 Rafal Gikiewicz
47%
Augsburg 21/22 Rafal Gikiewicz
47%
Augsburg 20/21 Rafal Gikiewicz
47%
Union Berlin 19/20 Rafal Gikiewicz
47%
Nürnberg 13/14 Raphael Schäfer
47%
Nürnberg 12/13 Raphael Schäfer
47%
Nürnberg 11/12 Raphael Schäfer
47%
Nürnberg 10/11 Raphael Schäfer
47%
Augsburg 19/20 Tomas Koubek
47%
Hamburg 10/11 Frank Rost
46%
Darmstadt 15/16 Christian Mathenia
44%
Hamburg 17/18 Christian Mathenia
44%
Nürnberg 18/19 Christian Mathenia
44%
Düsseldorf 18/19 Michael Rensing
44%
Köln 11/12 Michael Rensing
44%
Köln 10/11 Michael Rensing
44%
Hertha Berlin 18/19 Rune Jarstein
44%
Hertha Berlin 17/18 Rune Jarstein
44%
Hertha Berlin 16/17 Rune Jarstein
44%
Hertha Berlin 15/16 Rune Jarstein
44%
Hertha Berlin 19/20 Rune Jarstein
44%
Hertha Berlin 14/15 Thomas Kraft
42%
Hertha Berlin 13/14 Thomas Kraft
42%
Hertha Berlin 11/12 Thomas Kraft
42%
Hoffenheim 11/12 Tom Starke
39%
Hoffenheim 10/11 Tom Starke
39%
Kiel 24/25 Timon Weiner
35%
Union Berlin 21/22 Andreas Luthe
33%
Union Berlin 20/21 Andreas Luthe
33%
Darmstadt 23/24 Marcel Schuhen
33%
Gladbach 10/11 Logan Bailly
32%
Frankfurt 10/11 Oka Nikolov
32%
Bremen 16/17 Felix Wiedwald
30%
Bremen 15/16 Felix Wiedwald
30%
Hertha Berlin 22/23 Oliver Christensen
30%
Kaiserslautern 10/11 Tobias Sippel
30%
Mainz 12/13 Christian Wetklo
28%
Mainz 11/12 Christian Wetklo
28%
Mainz 10/11 Christian Wetklo
28%
Hannover 10/11 Florian Fromlowitz
28%
Schalke 11/12 Lars Unnerstall
28%
Düsseldorf 19/20 II Zack Steffen
26%
Darmstadt 16/17 Michael Esser
23%
Hannover 18/19 Michael Esser
23%
Bochum 24/25 I Patrick Drewes
23%
Ingolstadt 15/16 Ramazan Özcan
23%
Düsseldorf 12/13 Fabian Giefer
21%
Paderborn 19/20 Leopold Zingerle
21%
Stuttgart 15/16 Przemyslaw Tyton
21%
Hannover 17/18 Philipp Tschauner
19%
Augsburg 11/12 Simon Jentzsch
19%
Fürth 12/13 II Max Grün
18%
Augsburg 24/25 II Nediljko Labrovic
18%
Bremen 14/15 Raphael Wolf
18%
Bremen 13/14 Raphael Wolf
18%
Bremen 12/13 Sebastian Mielitz
18%
Mainz 16/17 Jonas Lössl
16%
Paderborn 14/15 Lukas Kruse
16%
Fürth 21/22 I Sascha Burchert
16%
Fürth 12/13 Wolfgang Hesl
16%
Ingolstadt 16/17 Martin Hansen
14%
Augsburg 12/13 Mohamed Amsif
12%
St. Pauli 10/11 Thomas Kessler
11%
Braunschweig 13/14 Daniel Davari
9%
Keine übereinstimmenden Quizze gefunden
Verteilung der Resultate
Anzahl Personen mit jedem Resultat
Perzentil nach korrekt beantworteten Fragen
Ihre Resultats-Entwicklung
Sie haben dieses Quiz seit der letzten Aktualisierung nicht gespielt